00561nam a22002057a 4500003001100000005001700011008004100028020001500069040003900084041000800123082001300131100002200144245003800166260004300204300000900247490001800256650002100274650003300295700002700328LK-CoMWRAF20231230110220.0231116b |||||||| |||| 00| 0 eng d a8171674720 aLK-CoMWRAFdLK-CoMWRAFeLK-CoMWRAF aeng a823bMAT aMathers, E. Powys aThe Thousand nights and one night aNew Delhi : bRupa and company, c2000 a405p aVolume V - VI aEnglish Fiction  aFiction -- Arabian peninsula aMcRae, Roderickeills.